[Event "South Island Championships 2023"]
[Site "Oamaru, New Zealand"]
[Date "????.??.??"]
[Round "6.5"]
[White "Christie, Richie"]
[Black "Familton, Gregory"]
[Result "1-0"]
[TimeControl "90 + 30"]
[WhiteFideId "4307470"]
[BlackFideId "4317190"]
[WhiteElo "1927"]
[BlackElo "1751"]

1. d4 {[%clk 01:30:59]} Nf6 {[%clk 01:30:45]} {[%emt 00:00:15]} 2. Bf4 {[%clk
01:30:43]} {[%emt 00:00:46]} d5 {[%clk 01:30:43]} {[%emt 00:00:33]} 3. Nc3
{[%clk 01:30:24]} {[%emt 00:00:49]} c5 {[%clk 01:30:56]} {[%emt 00:00:17]} 4.
e4 {[%clk 01:30:51]} {[%emt 00:00:04]} Nxe4 {[%clk 01:30:58]} {[%emt 00:00:27]}
5. Nxe4 {[%clk 01:30:52]} {[%emt 00:00:29]} dxe4 {[%clk 01:31:20]} {[%emt
00:00:08]} 6. dxc5 {[%clk 01:31:16]} {[%emt 00:00:06]} Qa5+ {[%clk 01:31:14]}
{[%emt 00:00:36]} 7. c3 {[%clk 01:31:36]} {[%emt 00:00:10]} Qxc5 {[%clk
01:31:00]} {[%emt 00:00:44]} 8. Qa4+ {[%clk 01:32:01]} {[%emt 00:00:05]} Nc6
{[%clk 01:31:08]} {[%emt 00:00:21]} 9. Qxe4 {[%clk 01:32:29]} {[%emt 00:00:02]}
g6 {[%clk 01:30:36]} {[%emt 00:01:02]} 10. Nf3 {[%clk 01:26:15]} {[%emt
00:06:45]} Bg7 {[%clk 01:30:51]} {[%emt 00:00:15]} 11. Rd1 {[%clk 01:20:12]}
{[%emt 00:06:33]} Bf5 {[%clk 01:26:17]} {[%emt 00:05:02]} 12. Qa4 {[%clk
01:19:03]} {[%emt 00:01:41]} O-O {[%clk 01:22:40]} {[%emt 00:04:06]} 13. Be3
{[%clk 01:16:40]} {[%emt 00:02:54]} Qa5 {[%clk 01:21:26]} {[%emt 00:01:44]} 14.
Qxa5 {[%clk 01:14:28]} {[%emt 00:02:42]} Nxa5 {[%clk 01:21:45]} {[%emt
00:00:11]} 15. Bb5 {[%clk 01:10:38]} {[%emt 00:04:20]} a6 {[%clk 01:15:50]}
{[%emt 00:06:25]} 16. Be2 {[%clk 01:09:35]} {[%emt 00:01:34]} Be6 {[%clk
01:14:10]} {[%emt 00:02:08]} 17. O-O {[%clk 01:07:50]} {[%emt 00:02:17]} Nc4
{[%clk 01:07:26]} {[%emt 00:07:13]} 18. Bc1 {[%clk 01:07:19]} {[%emt 00:01:01]}
Nd6 {[%clk 01:02:28]} {[%emt 00:05:28]} 19. Bf4 {[%clk 01:04:45]} {[%emt
00:03:04]} Bxa2 {[%clk 00:56:15]} {[%emt 00:06:44]} 20. Bxd6 {[%clk 01:03:04]}
{[%emt 00:02:10]} exd6 {[%clk 00:56:35]} {[%emt 00:00:10]} 21. Rxd6 {[%clk
01:02:39]} {[%emt 00:00:56]} Rfe8 {[%clk 00:55:01]} {[%emt 00:02:03]} 22. Re1
{[%clk 00:59:58]} {[%emt 00:03:12]} Re7 {[%clk 00:51:12]} {[%emt 00:04:18]} 23.
Kf1 {[%clk 00:58:02]} {[%emt 00:02:26]} Rae8 {[%clk 00:45:57]} {[%emt
00:05:28]} 24. Bd3 {[%clk 00:57:48]} {[%emt 00:01:02]} Be6 {[%clk 00:39:00]}
{[%emt 00:07:26]} 25. Ng5 {[%clk 00:51:20]} {[%emt 00:06:59]} Rd7 {[%clk
00:35:50]} {[%emt 00:03:39]} 26. Rexe6 {[%clk 00:50:17]} {[%emt 00:01:33]} Red8
{[%clk 00:33:15]} {[%emt 00:03:05]} 27. Rxd7 {[%clk 00:50:38]} {[%emt
00:00:10]} Rxd7 {[%clk 00:33:44]} 28. Re8+ {[%clk 00:51:01]} {[%emt 00:00:06]}
Bf8 {[%clk 00:34:10]} {[%emt 00:00:04]} 29. Bc4 {[%clk 00:51:21]} {[%emt
00:00:11]} Kg7 {[%clk 00:32:16]} {[%emt 00:02:23]} 30. Ke2 {[%clk 00:50:05]}
{[%emt 00:01:47]} h6 {[%clk 00:30:21]} {[%emt 00:02:25]} 31. Nxf7 {[%clk
00:48:42]} {[%emt 00:01:53]} Re7+ {[%clk 00:23:37]} {[%emt 00:07:13]} 32. Rxe7
{[%clk 00:49:01]} {[%emt 00:00:11]} Bxe7 {[%clk 00:24:04]} {[%emt 00:00:03]} 33.
Ne5 {[%clk 00:48:46]} {[%emt 00:00:45]} a5 {[%clk 00:23:49]} {[%emt 00:00:45]}
34. Bd3 {[%clk 00:48:45]} {[%emt 00:00:32]} g5 {[%clk 00:24:05]} {[%emt
00:00:14]} 35. Kf3 {[%clk 00:49:12]} {[%emt 00:00:02]} b6 {[%clk 00:20:55]}
{[%emt 00:03:40]} 36. Ke4 {[%clk 00:49:17]} {[%emt 00:00:26]} Bc5 {[%clk
00:19:06]} {[%emt 00:02:18]} 37. f3 {[%clk 00:49:30]} {[%emt 00:00:17]} a4
{[%clk 00:18:15]} {[%emt 00:01:22]} 38. Bc4 {[%clk 00:48:43]} {[%emt 00:01:16]}
h5 {[%clk 00:17:16]} {[%emt 00:01:30]} 39. Bb5 {[%clk 00:48:47]} {[%emt
00:00:26]} a3 {[%clk 00:17:40]} {[%emt 00:00:06]} 40. bxa3 {[%clk 00:49:16]}
Bxa3 {[%clk 00:17:45]} {[%emt 00:00:25]} 41. Nd7 {[%clk 00:49:43]} {[%emt
00:00:03]} Bd6 {[%clk 00:17:36]} {[%emt 00:00:39]} 42. h3 {[%clk 00:49:43]}
{[%emt 00:00:30]} Bc7 {[%clk 00:17:59]} {[%emt 00:00:07]} 43. Kd5 {[%clk
00:49:57]} {[%emt 00:00:15]} Kg6 {[%clk 00:17:58]} {[%emt 00:00:31]} 44. Bd3+
{[%clk 00:50:12]} {[%emt 00:00:14]} Kf7 {[%clk 00:17:58]} {[%emt 00:00:31]} 45.
Ne5+ {[%clk 00:49:49]} {[%emt 00:00:53]} Kf6 {[%clk 00:17:27]} {[%emt
00:01:01]} 46. Nc4 {[%clk 00:49:58]} {[%emt 00:00:21]} b5 {[%clk 00:15:54]}
{[%emt 00:02:03]} 47. Nd2 {[%clk 00:49:22]} {[%emt 00:01:07]} Ba5 {[%clk
00:16:06]} {[%emt 00:00:18]} 48. Bxb5 {[%clk 00:48:33]} {[%emt 00:01:19]} Bxc3
{[%clk 00:16:24]} {[%emt 00:00:12]} 49. Ne4+ {[%clk 00:49:01]} {[%emt
00:00:01]} 1-0

[Event "South Island Championships 2023"]
[Site "Oamaru, New Zealand"]
[Date "????.??.??"]
[Round "6.6"]
[White "Coleman, Phil"]
[Black "Ong, Rommel"]
[Result "0-1"]
[TimeControl "90 + 30"]
[WhiteFideId "4319443"]
[BlackFideId "5259630"]
[WhiteElo "1872"]
[BlackElo "1852"]

1. e4 {[%clk 01:30:55]} {[%emt 00:00:05]} c5 {[%clk 01:30:49]} {[%emt
00:00:12]} 2. Nf3 {[%clk 01:31:14]} {[%emt 00:00:11]} d6 {[%clk 01:31:15]}
{[%emt 00:00:04]} 3. d4 {[%clk 01:31:36]} {[%emt 00:00:08]} cxd4 {[%clk
01:31:44]} {[%emt 00:00:01]} 4. Nxd4 {[%clk 01:31:55]} {[%emt 00:00:11]} Nf6
{[%clk 01:32:10]} {[%emt 00:00:04]} 5. Nc3 {[%clk 01:32:10]} {[%emt 00:00:15]}
a6 {[%clk 01:32:34]} {[%emt 00:00:06]} 6. Bd3 {[%clk 01:30:32]} {[%emt
00:02:07]} g6 {[%clk 01:30:18]} {[%emt 00:02:47]} 7. f3 {[%clk 01:28:00]}
{[%emt 00:03:02]} Bg7 {[%clk 01:30:42]} {[%emt 00:00:06]} 8. Be3 {[%clk
01:27:00]} {[%emt 00:01:30]} O-O {[%clk 01:30:50]} {[%emt 00:00:21]} 9. Qd2
{[%clk 01:27:22]} {[%emt 00:00:08]} Re8 {[%clk 01:31:13]} {[%emt 00:00:07]} 10.
h4 {[%clk 01:26:42]} {[%emt 00:01:10]} h5 {[%clk 01:31:35]} {[%emt 00:00:09]}
11. O-O-O {[%clk 01:26:38]} {[%emt 00:00:34]} Nc6 {[%clk 01:30:30]} {[%emt
00:01:36]} 12. Nb3 {[%clk 01:24:01]} {[%emt 00:03:07]} Ne5 {[%clk 01:30:25]}
{[%emt 00:00:34]} 13. Rdg1 {[%clk 01:21:35]} {[%emt 00:02:55]} Be6 {[%clk
01:30:27]} {[%emt 00:00:29]} 14. Nd4 {[%clk 01:20:07]} {[%emt 00:01:58]} Bd7
{[%clk 01:29:59]} {[%emt 00:00:58]} 15. Be2 {[%clk 01:19:10]} {[%emt 00:01:27]}
b5 {[%clk 01:29:01]} {[%emt 00:01:28]} 16. f4 {[%clk 01:17:48]} {[%emt
00:01:52]} b4 {[%clk 01:17:51]} {[%emt 00:11:41]} 17. fxe5 {[%clk 01:13:29]}
{[%emt 00:04:48]} bxc3 {[%clk 01:15:00]} {[%emt 00:03:22]} 18. Qxc3 {[%clk
01:12:57]} {[%emt 00:01:01]} dxe5 {[%clk 01:14:51]} {[%emt 00:00:38]} 19. Nb3
{[%clk 01:11:16]} {[%emt 00:02:12]} Nxe4 {[%clk 01:02:04]} {[%emt 00:13:17]} 20.
Qe1 {[%clk 01:11:32]} {[%emt 00:00:13]} Nf6 {[%clk 01:02:16]} {[%emt 00:00:18]}
21. Bg5 {[%clk 01:02:38]} {[%emt 00:09:25]} Ng4 {[%clk 01:00:31]} {[%emt
00:02:15]} 22. Qg3 {[%clk 00:42:00]} {[%emt 00:21:08]} Qc7 {[%clk 00:55:38]}
{[%emt 00:05:23]} 23. Bd2 {[%clk 00:37:48]} {[%emt 00:04:41]} Rec8 {[%clk
00:53:09]} {[%emt 00:02:59]} 24. Bc3 {[%clk 00:35:40]} {[%emt 00:02:38]} a5
{[%clk 00:52:13]} {[%emt 00:01:26]} 25. a3 {[%clk 00:33:52]} {[%emt 00:02:18]}
a4 {[%clk 00:51:02]} {[%emt 00:01:42]} 26. Nd2 {[%clk 00:33:49]} {[%emt
00:00:31]} Bh6 {[%clk 00:46:48]} {[%emt 00:04:45]} 27. Bxg4 {[%clk 00:29:14]}
{[%emt 00:05:05]} Bf4 {[%clk 00:47:07]} {[%emt 00:00:11]} 28. Qe1 {[%clk
00:26:04]} {[%emt 00:03:40]} Bxg4 {[%clk 00:46:58]} {[%emt 00:00:40]} 29. Kb1
{[%clk 00:25:30]} {[%emt 00:01:03]} f6 {[%clk 00:37:28]} {[%emt 00:10:01]} 30.
g3 {[%clk 00:24:12]} {[%emt 00:01:47]} Bh6 {[%clk 00:36:17]} {[%emt 00:01:42]}
31. Qf2 {[%clk 00:20:12]} {[%emt 00:04:29]} Rab8 {[%clk 00:33:49]} {[%emt
00:02:59]} 32. Ka1 {[%clk 00:19:48]} {[%emt 00:00:53]} Rd8 {[%clk 00:31:06]}
{[%emt 00:03:14]} 33. Rc1 {[%clk 00:18:21]} {[%emt 00:01:56]} Qc6 {[%clk
00:26:53]} {[%emt 00:04:43]} 34. Rhf1 {[%clk 00:16:37]} {[%emt 00:02:14]} Qd5
{[%clk 00:26:11]} {[%emt 00:01:12]} 35. Rcd1 {[%clk 00:15:28]} {[%emt
00:01:40]} Rbc8 {[%clk 00:24:13]} {[%emt 00:02:28]} 36. Nf3 {[%clk 00:13:16]}
{[%emt 00:02:41]} Qc4 {[%clk 00:22:56]} {[%emt 00:01:47]} 37. Rxd8+ {[%clk
00:12:31]} {[%emt 00:01:16]} Rxd8 {[%clk 00:23:21]} {[%emt 00:00:05]} 38. Nxe5
{[%clk 00:12:47]} {[%emt 00:00:13]} fxe5 {[%clk 00:23:37]} {[%emt 00:00:14]} 39.
Qf7+ {[%clk 00:12:38]} {[%emt 00:00:39]} Qxf7 {[%clk 00:23:00]} {[%emt
00:00:06]} 0-1

[Event "South Island Championships 2023"]
[Site "Oamaru, New Zealand"]
[Date "????.??.??"]
[Round "6.9"]
[White "Dolejs, Dan"]
[Black "Kerr, Atlas"]
[Result "0-1"]
[TimeControl "90 + 30"]
[WhiteFideId "4301692"]
[BlackFideId "4319486"]
[WhiteElo "1800"]
[BlackElo "1853"]

1. e4 {[%clk 01:30:46]} {[%emt 00:00:03]} c6 {[%clk 01:30:34]} {[%emt
00:00:38]} 2. Nf3 {[%clk 01:29:51]} {[%emt 00:01:23]} d5 {[%clk 01:30:41]}
{[%emt 00:00:24]} 3. exd5 {[%clk 01:30:00]} {[%emt 00:00:21]} cxd5 {[%clk
01:30:53]} {[%emt 00:00:19]} 4. Bb5+ {[%clk 01:29:57]} {[%emt 00:00:32]} Bd7
{[%clk 01:29:39]} {[%emt 00:01:44]} 5. Bxd7+ {[%clk 01:30:17]} {[%emt
00:00:10]} Nxd7 {[%clk 01:30:06]} {[%emt 00:00:04]} 6. O-O {[%clk 01:30:22]}
{[%emt 00:00:25]} Ngf6 {[%emt 00:02:44]} 7. d4 {[%clk 01:30:33]} {[%emt
00:00:17]} e6 {[%clk 01:27:39]} {[%emt 00:00:44]} 8. Bg5 {[%clk 01:29:35]}
{[%emt 00:01:27]} Qb6 {[%clk 01:22:50]} {[%emt 00:05:20]} 9. b3 {[%clk
01:29:16]} {[%emt 00:00:48]} Ne4 {[%clk 01:19:47]} {[%emt 00:03:34]} 10. a4
{[%clk 01:28:28]} {[%emt 00:01:19]} Rc8 {[%clk 01:13:53]} {[%emt 00:06:24]} 11.
a5 {[%clk 01:27:37]} {[%emt 00:01:21]} Qc6 {[%clk 01:13:34]} {[%emt 00:00:49]}
12. Be3 {[%clk 01:19:46]} {[%emt 00:08:20]} Qxc2 {[%clk 01:06:55]} {[%emt
00:07:10]} 13. Qxc2 {[%clk 01:19:01]} {[%emt 00:01:13]} Rxc2 {[%clk 01:07:18]}
{[%emt 00:00:08]} 14. a6 {[%clk 01:19:15]} {[%emt 00:00:16]} b6 {[%clk
01:06:01]} {[%emt 00:01:48]} 15. Na3 {[%clk 01:18:43]} {[%emt 00:01:01]} Bxa3
{[%clk 01:06:16]} {[%emt 00:00:15]} 16. Rxa3 {[%clk 01:19:03]} {[%emt
00:00:11]} Ke7 {[%clk 01:01:54]} {[%emt 00:04:52]} 17. Ne5 {[%clk 01:13:26]}
{[%emt 00:06:06]} Nxe5 {[%clk 00:58:13]} {[%emt 00:04:11]} 18. dxe5 {[%clk
01:13:47]} {[%emt 00:00:09]} f6 {[%clk 00:55:32]} {[%emt 00:03:11]} 19. f3
{[%clk 01:13:16]} {[%emt 00:01:00]} Nc5 {[%clk 00:55:58]} {[%emt 00:00:05]} 20.
b4 {[%clk 01:13:14]} {[%emt 00:00:32]} Nd7 {[%clk 00:56:17]} {[%emt 00:00:11]}
21. f4 {[%clk 01:10:47]} {[%emt 00:02:57]} Rhc8 {[%clk 00:55:11]} {[%emt
00:01:36]} 22. exf6+ {[%clk 01:10:05]} {[%emt 00:01:11]} gxf6 {[%clk 00:55:32]}
{[%emt 00:00:09]} 23. g4 {[%clk 01:09:35]} {[%emt 00:01:00]} R8c3 {[%clk
00:52:56]} {[%emt 00:03:07]} 24. Rxc3 {[%clk 01:09:49]} {[%emt 00:00:15]} Rxc3
{[%clk 00:53:20]} {[%emt 00:00:07]} 25. Bd2 {[%clk 01:08:57]} {[%emt 00:01:22]}
Rc2 {[%clk 00:51:02]} {[%emt 00:02:49]} 26. Bc1 {[%clk 01:08:42]} {[%emt
00:00:43]} Ra2 {[%clk 00:45:48]} {[%emt 00:05:45]} 27. f5 {[%clk 01:08:13]}
{[%emt 00:00:59]} e5 {[%clk 00:46:03]} {[%emt 00:00:16]} 28. b5 {[%clk
01:07:49]} {[%emt 00:00:53]} d4 {[%clk 00:45:32]} {[%emt 00:01:01]} 29. g5
{[%clk 01:07:48]} {[%emt 00:00:30]} Kf7 {[%clk 00:44:18]} {[%emt 00:01:45]} 30.
h4 {[%clk 01:07:03]} {[%emt 00:01:14]} d3 {[%clk 00:43:45]} {[%emt 00:01:05]}
31. Rd1 {[%clk 01:03:39]} {[%emt 00:03:52]} e4 {[%clk 00:43:46]} {[%emt
00:00:30]} 32. h5 {[%clk 01:02:31]} {[%emt 00:01:38]} fxg5 {[%clk 00:42:50]}
{[%emt 00:01:26]} 33. Bxg5 {[%clk 01:02:43]} {[%emt 00:00:17]} Rb2 {[%clk
00:42:29]} {[%emt 00:00:52]} 34. Re1 {[%clk 01:01:16]} {[%emt 00:01:56]} Ne5
{[%clk 00:35:39]} {[%emt 00:07:21]} 35. Rxe4 {[%clk 00:58:23]} {[%emt
00:03:22]} Nf3+ {[%clk 00:36:04]} {[%emt 00:00:06]} 36. Kf1 {[%clk 00:58:22]}
{[%emt 00:00:30]} Nxg5 {[%clk 00:36:30]} {[%emt 00:00:04]} 37. Rd4 {[%clk
00:58:21]} {[%emt 00:00:31]} Rxb5 {[%clk 00:32:43]} {[%emt 00:04:18]} 38. Rd7+
{[%clk 00:58:10]} {[%emt 00:00:42]} Ke8 {[%clk 00:31:35]} {[%emt 00:01:36]} 39.
Rxa7 {[%clk 00:57:39]} {[%emt 00:01:01]} Rb1+ {[%clk 00:31:31]} {[%emt
00:00:35]} 40. Kf2 {[%clk 00:54:46]} {[%emt 00:03:22]} d2 {[%clk 00:31:57]}
{[%emt 00:00:05]} 41. Ra8+ {[%clk 00:53:59]} {[%emt 00:01:17]} Kd7 {[%emt
00:00:04]} 42. Ra7+ {[%clk 00:54:03]} {[%emt 00:00:25]} Kc6 {[%clk 00:32:49]}
{[%emt 00:00:05]} 43. Rg7 {[%clk 00:54:10]} {[%emt 00:00:22]} d1=Q {[%clk
00:32:47]} {[%emt 00:00:33]} 44. Rxg5 {[%clk 00:53:49]} {[%emt 00:00:51]} Qd2+
{[%clk 00:32:54]} {[%emt 00:00:24]} 0-1

[Event "South Island Championships 2023"]
[Site "Oamaru, New Zealand"]
[Date "????.??.??"]
[Round "6.8"]
[White "Mayrhuber, Nikola"]
[Black "Anikonov, Artem"]
[Result "1-0"]
[TimeControl "90 + 30"]
[WhiteFideId "1637819"]
[BlackFideId "34339876"]
[WhiteElo "2059"]
[BlackElo "1721"]

1. d4 {[%clk 01:30:17]} {[%emt 00:00:43]} d5 {[%clk 01:30:54]} {[%emt
00:00:07]} 2. c4 {[%clk 01:30:43]} {[%emt 00:00:04]} e6 {[%clk 01:31:16]}
{[%emt 00:00:08]} 3. Nc3 {[%clk 01:31:08]} {[%emt 00:00:06]} Nf6 {[%clk
01:31:40]} {[%emt 00:00:05]} 4. cxd5 {[%clk 01:31:28]} {[%emt 00:00:10]} exd5
{[%clk 01:31:48]} {[%emt 00:00:22]} 5. Bg5 {[%clk 01:31:40]} {[%emt 00:00:18]}
Be6 {[%clk 01:31:43]} {[%emt 00:00:35]} 6. e3 {[%clk 01:31:33]} {[%emt
00:00:37]} c5 {[%clk 01:31:51]} {[%emt 00:00:21]} 7. Bb5+ {[%clk 01:24:40]}
{[%emt 00:07:24]} Nbd7 {[%clk 01:30:47]} {[%emt 00:01:34]} 8. Nf3 {[%clk
01:24:14]} {[%emt 00:00:55]} a6 {[%clk 01:30:51]} {[%emt 00:00:27]} 9. Bxd7+
{[%clk 01:20:49]} {[%emt 00:03:54]} Qxd7 {[%clk 01:30:50]} {[%emt 00:00:31]} 10.
Ne5 {[%clk 01:15:57]} {[%emt 00:05:22]} Qc7 {[%clk 01:30:41]} {[%emt 00:00:39]}
11. Bxf6 {[%clk 01:14:52]} {[%emt 00:01:35]} gxf6 {[%clk 01:31:04]} {[%emt
00:00:07]} 12. Qa4+ {[%clk 01:14:53]} {[%emt 00:00:31]} Bd7 {[%clk 01:29:58]}
{[%emt 00:01:35]} 13. Nxd7 {[%clk 01:08:10]} {[%emt 00:07:13]} Qxd7 {[%clk
01:30:21]} {[%emt 00:00:05]} 14. Qxd7+ {[%clk 01:07:19]} {[%emt 00:01:22]} Kxd7
{[%clk 01:30:46]} {[%emt 00:00:06]} 15. Nxd5 {[%clk 01:07:36]} {[%emt
00:00:13]} Kc6 {[%clk 01:30:23]} {[%emt 00:00:53]} 16. e4 {[%clk 01:04:53]}
{[%emt 00:03:13]} f5 {[%clk 01:29:58]} {[%emt 00:00:54]} 17. f3 {[%clk
01:03:10]} {[%emt 00:02:14]} fxe4 {[%clk 01:30:19]} {[%emt 00:00:09]} 18. fxe4
{[%clk 01:03:36]} {[%emt 00:00:03]} Re8 {[%clk 01:29:07]} {[%emt 00:01:42]} 19.
Nf6 {[%clk 01:03:35]} {[%emt 00:00:31]} Rd8 {[%clk 01:28:03]} {[%emt 00:01:34]}
20. d5+ {[%clk 01:03:33]} {[%emt 00:00:33]} Kd6 {[%clk 01:28:26]} {[%emt
00:00:07]} 21. Rf1 {[%clk 01:02:41]} {[%emt 00:01:23]} Bg7 {[%clk 01:28:30]}
{[%emt 00:00:25]} 22. Ke2 {[%clk 01:01:57]} {[%emt 00:01:13]} Bxf6 {[%clk
01:27:51]} {[%emt 00:01:09]} 23. Rxf6+ {[%clk 01:02:23]} {[%emt 00:00:05]} Ke5
{[%clk 01:28:09]} {[%emt 00:00:12]} 24. Raf1 {[%clk 01:02:12]} {[%emt
00:00:40]} Kxe4 {[%clk 01:27:57]} {[%emt 00:00:42]} 25. R6f5 {[%clk 01:02:01]}
{[%emt 00:00:41]} 1-0